000 00977nam a2200253Ia 4500
008 191130s2016##################000#0#eng##
020 _a9781138830080
040 _aACL
_cACL
082 _a307.12 DES
245 _aCultural sustainability and regional development : theories and practices of territorialism
_cedited by Joost Dessein, Elena Battaglini and Lummina Horlings
260 _aNew York
_bRoutledge, is an imprint of the Taylor & Francis Group, an Informa business
_c2016
300 _axiv, 267 p ; 24 cm.
500 _aIncludes bibliographical references and index
650 _aCultural policy - Case studies
650 _aHuman ecology - Case studies
650 _aRegional planning - Social aspects - Case studies
650 _aSustainable development - Case studies
700 _aBattaglini, Elena
700 _aDessein, Joost
700 _aHorlings, Lummina
990 _aa89a4969ac100b46427e6432188fc113
991 _a452402
999 _c254101
_d254101